000 02067nam0a2200373 4500
001 RU\NLR\bibl\1422954
005 20260408003114.0
010 _a5-89647-130-0
_9500
021 _aRU
_b2009-63316
_93904
035 _a(nilc)RSL-KNO-004368419
035 _a(NLR Aleph) 001414891
090 _a1305771
_c1305771
100 _a20090724d2009 |||y0rusy50 ca
101 1 _arus
_ceng
102 _aRU
105 _ay zzzz|||||
200 1 _aНаучные и богословские эпистемологические парадигмы: историческая динамика и универсальные основания
_e[по материалам конференции "Научные и богословские эпистемологические парадигмы: историческая динамика и универсальные основания" (Москва, 14-18 ноября 2007 г.)]
_fпод ред. Владимира Поруса
210 _aМосква
_cБиблейско-богословский ин-т св. апостола Андрея
_d2009
215 _a271 с.
_d22
225 1 _aБогословие и наука
300 _aЧасть текстов в пер. с англ. яз.
606 1 _aБогословие христианское
_z20 - 21 вв.
_92433672
_3RU\NLR\auth\661448350
686 _aЭ37-4-36,0
_2rubbk
686 _aЮ223,0
_2rubbk
686 _aЭ37-4
702 1 _aПорус
_bВ. Н.
_gВладимир Натанович
_4340
711 1 2 _a"Научные и богословские эпистемологические парадигмы: историческая динамика и универсальные основания", международная конференция
_f2007
_eМосква
_3RU\NLR\AUTH\8810167606
_9831026
801 0 _aRU
_bРГБ
_c20090724
_grcr
801 1 _aRU
_bРГБ
_c20090724
801 2 _aRU
_bNLR
_c20091013
_grcr
942 _cBOOK
980 _aNB